00762nam a2200253 4500003000400000005001700004008004100021040001900062041001300081050001600094100004200110240002700152245006800179260004200247264004100289300001800330336002200348337002400370338002400394650001700418700004400435942001200479999001700491OSt20260530115310.0260417b1958 |||a|||| |||| 00| 0 eng d aICIbspa cICI aengheng aNE1843bB531 aJacob Israel Biegeleisend1910932609 aSilk screen techniques10aSilk screen techniques / cpor J. I. Biegeleisen y B. A. Cohn. aNew York :bDover publications,c1958 1bDover Publicationsc1958aNew York : a187 páginas atexto2rdacontent asin medio2rdamedia avolumen2rdacarrier aSerigrafía aCohn, Max Arthurd1904- ,eautor932611 2ddccBK c13283d13283